Love, lies, and cherry pie / Jackie Lau.
Available copies
- 1 of 1 copy available at LARL/NWRL Consortium.
- 1 of 1 copy available at Northwest Regional Library. (Show preferred library)
Current holds
0 current holds with 1 total copy.
View other formats and editions
Show Only Available Copies
| Location | Call Number / Copy Notes | Barcode | Shelving Location | Status | Due Date |
|---|---|---|---|---|---|
| Roseau Public Library | lp LAU (Text) | 35500006816407 | Main | Available | - |
Record details
- ISBN: 9798891642843
- Physical Description: 431 pages (large print) ; 23 cm
- Edition: Center Point Large Print edition.
- Publisher: Thorndike, Maine : Center Point Large Print, 2024.
- Copyright: ©2024
Content descriptions
| General Note: | Regular print version previously published by Atria Books. |
| Summary, etc.: | "Mark Chan this, Mark Chan that. Writer and ... Read More |
Search for related items by subject
| Genre: | Romance fiction. Humorous fiction. Large print books. |
| LDR | 03646nam a2200685Mi 4500 | ||
|---|---|---|---|
| 001 | 447608 | ||
| 003 | LARL_NWRL_CONSORTIUM | ||
| 005 | 20241008132136.0 | ||
| 008 | 240819t20242024meu ed 000 f eng d | ||
| 007 | tb | ||
| 010 | . | ‡a 2024940038 | |
| 040 | . | ‡aCPLPT ‡beng ‡erda ‡cCPLPT ‡dOCLCO | |
| 020 | . | ‡a9798891642843 ‡q(hardback : alk. paper) | |
| 035 | . | ‡a(OCoLC)1452653188 | |
| 082 | 0 | 4. | ‡a813/.6 ‡223/eng/2019 |
| 100 | 1 | . | ‡aLau, Jackie, ‡eauthor. |
| 245 | 1 | 0. | ‡aLove, lies, and cherry pie / ‡cJackie Lau. |
| 250 | . | ‡aCenter Point Large Print edition. | |
| 264 | 1. | ‡aThorndike, Maine : ‡bCenter Point Large Print, ‡c2024. | |
| 264 | 4. | ‡c©2024 | |
| 300 | . | ‡a431 pages (large print) ; ‡c23 cm | |
| 336 | . | ‡atext ‡btxt ‡2rdacontent | |
| 337 | . | ‡aunmediated ‡bn ‡2rdamedia | |
| 338 | . | ‡avolume ‡bnc ‡2rdacarrier | |
| 340 | . | ‡nlarge print. ‡2rdafs | |
| 500 | . | ‡aRegular print version previously published by Atria Books. | |
| 520 | . | ‡a"Mark Chan this, Mark Chan that. Writer and barista Emily Hung is tired of hearing about the great Mark Chan, the son of her parents friends. You'd think he single-handedly stopped climate change and ended child poverty from the way her mother raves about him. But in reality, he's just a boring, sweater-vest-wearing engineer, and when they're forced together at Emily's sister's wedding, it's obvious he thinks he's too good for her. But now that Emily is her family's last single daughter, her mother is fixated on getting her married and she has her sights on Mark. There's only one solution, clearly: convince Mark to be in a fake relationship with her long enough to put an end to her mom's meddling. He reluctantly agrees. Unfortunately, lying isn't enough. Family friends keep popping up at their supposed dates -- including a bubble tea shop and cake-decorating class -- so they'll have to spend more time together to make their relationship look real. With each fake date, though, Emily realizes that Mark's not quite what she assumed and maybe that argyle sweater isn't so ugly after all . . ."-- ‡cProvided by publisher. | |
| 650 | 0. | ‡aWomen authors ‡vFiction. ‡0(LARL_NWRL_CONSORTIUM)167920 | |
| 650 | 0. | ‡aEngineers ‡vFiction. ‡0(LARL_NWRL_CONSORTIUM)169253 | |
| 650 | 0. | ‡aDating (Social customs) ‡vFiction. ‡0(LARL_NWRL_CONSORTIUM)164536 | |
| 650 | 0. | ‡aInterpersonal attraction ‡vFiction. | |
| 650 | 0. | ‡aParent and adult child ‡vFiction. ‡0(LARL_NWRL_CONSORTIUM)166540 | |
| 650 | 0. | ‡aMothers and daughters ‡vFiction. ‡0(LARL_NWRL_CONSORTIUM)166030 | |
| 650 | 0. | ‡aMate selection ‡vFiction. ‡0(LARL_NWRL_CONSORTIUM)166016 | |
| 650 | 0. | ‡aWeddings ‡vFiction. ‡0(LARL_NWRL_CONSORTIUM)167876 | |
| 650 | 0. | ‡aSingle women ‡vFiction. ‡0(LARL_NWRL_CONSORTIUM)167300 | |
| 650 | 0. | ‡aMan-woman relationships ‡vFiction. ‡0(LARL_NWRL_CONSORTIUM)165985 | |
| 650 | 0. | ‡aAsian American families ‡vFiction. | |
| 650 | 0. | ‡aLarge type books. ‡0(LARL_NWRL_CONSORTIUM)24284 | |
| 655 | 7. | ‡aRomance fiction. ‡2lcgft | |
| 655 | 7. | ‡aHumorous fiction. ‡2lcgft | |
| 655 | 7. | ‡aLarge print books. ‡2lcgft | |
| 901 | . | ‡a447608 ‡bAUTOGEN ‡c447608 ‡tbiblio | |

Add to basket
Permalink
Disable Highlighting